000 00221nam a22000857a 4500
008 160705b xxu||||| |||| 00| 0 eng d
100 _92087
_a Ara, J
245 _aWatching Birds
260 _aNew Delhi
_bNational Book Trust
_c1970
999 _c1783
_d1783